00376nam a2200121Ia 4500008004000000020001800040082001500058100002100073245006500094260003800159300000800197650004900205210210b1971 xxu||||| |||| 00| 0 eng d a0 333 00879 0 a820.9 DYSS aDYSON (A E), Ed. aShakespeare Measure for measure :a casebook ed by C K Stead. aLondonbMacmillan Press Ltdc1971 a250 aShakespear Measure Critical Essays Case Book